000 00585nam a2200193 i 4500
001 101419
003 ES-MaACL
005 20230906182912.0
007 t|
008 051018s1969 sp ||||1| spa d
100 1 _aMazo, Earl.
_979480
245 1 0 _aNixon
_b: un retrato político /
_cEarl Mazo y Stephen Hers; [traductor: Ernesto Gutiérrez].
260 _aBarcelona :
_bDiana,
_c1969.
300 _a404 p. ;
_c22 cm.
600 0 4 _aNixon, Richard M.
_985786
700 1 _aHers, Stephen.
_963383
700 1 _aGutiérrez, Ernesto.
_961045
852 _aES-MaACL
_jC-36042
_bR.68903
999 _c101419
_d101419